High Court Act with all Amendment, Regulations and Rules of the High Court of Namibia (Record no. 56)
[ view plain ]
| 000 -LEADER | |
|---|---|
| fixed length control field | 00370nam a22001217a 4500 |
| 005 - DATE AND TIME OF INPUT | |
| control field | 20231025133018.0 |
| 008 - DATA ELEMENTS--GENERAL INFORMATION | |
| fixed length control field | 231025b |||||||| |||| 00| 0 eng d |
| 082 ## - SHELF NUMBER | |
| DDC number | 347.1 HIG |
| 245 ## - TITLE STATEMENT | |
| Title | High Court Act with all Amendment, Regulations and Rules of the High Court of Namibia |
| 260 ## - PUBLICATION, DISTRIBUTION, ETC. | |
| Date of publication, distribution, etc. | 1990 |
| 650 ## - SUBJECT` | |
| Broad subject | Legal practice |
| Own subject terms | Law |
| 942 ## - ADDED ENTRY ELEMENTS (KOHA) | |
| Item type | Books |
| 942 ## - ADDED ENTRY ELEMENTS (KOHA) | |
| -- | ALISON_BN_VRIES |
| Source of classification or shelving scheme | Not for loan | Collection code | Home library | Current library | Shelving location | Date acquired | Full call number | Barcode | Price effective from | Koha item type |
|---|---|---|---|---|---|---|---|---|---|---|
| Dewey Decimal Classification | TEXT BOOKS | LAW SOCIETY OF NAMIBIA LIBRARY - WINDHOEK | LAW SOCIETY OF NAMIBIA LIBRARY - WINDHOEK | Civil Procedure and Court | 10/25/2023 | 347.1 HIG | LSN/2003/19 | 10/25/2023 | Books |
